গীতি মঞ্জুরী / (Record no. 71511)
[ view plain ]
| 000 -LEADER | |
|---|---|
| fixed length control field | 00748nam a2200229 a 4500 |
| 001 - CONTROL NUMBER | |
| control field | 71511 |
| 003 - CONTROL NUMBER IDENTIFIER | |
| rucl marc code | BD-RjUL |
| 005 - DATE AND TIME OF LATEST TRANSACTION | |
| control field | 20211209082126.0 |
| 008 - FIXED-LENGTH DATA ELEMENTS--GENERAL INFORMATION | |
| fixed length control field | 170504s1989 bg |||| |||| 000 0 ben d |
| 020 ## - INTERNATIONAL STANDARD BOOK NUMBER | |
| Terms of availability | : Tk. 15.00 |
| 035 ## - SYSTEM CONTROL NUMBER | |
| System control number | (BD-RjUL)71727 |
| 040 ## - CATALOGING SOURCE | |
| Original cataloging agency | BD-RjUL |
| Language of cataloging | ben |
| Transcribing agency | BD-RjUL |
| Modifying agency | BD-RjUL |
| 041 ## - LANGUAGE CODE | |
| Language code of text/sound track or separate title | ben |
| 082 ## - DEWEY DECIMAL CLASSIFICATION NUMBER | |
| Edition number | 12 |
| Classification number | 891.441 |
| Author mark and year | KAG 1989 |
| 100 1# - MAIN ENTRY--PERSONAL NAME | |
| Personal name | কাফী, আ, ল |
| 9 (RLIN) | 211581 |
| 245 1# - TITLE STATEMENT | |
| Title | গীতি মঞ্জুরী / |
| Statement of responsibility, etc. | আ, ল কাফী |
| 260 ## - PUBLICATION, DISTRIBUTION, ETC. (IMPRINT) | |
| Place of publication, distribution, etc. | নবাবগঞ্জ : |
| Name of publisher, distributor, etc. | কানিমা খাতুন, |
| Date of publication, distribution, etc. | ১৯৮৯ [১৩৯৬] |
| 300 ## - PHYSICAL DESCRIPTION | |
| Pagination | ২৬৮ পৃ. ; |
| Size | ১৭ সেমি. |
| 650 ## - SUBJECT ADDED ENTRY--TOPICAL TERM | |
| Topical term or geographic name as entry element | বাংলা কবিতা |
| 9 (RLIN) | 211582 |
| Topical term or geographic name as entry element | Bengali Poetry |
| 9 (RLIN) | 211583 |
| 942 ## - ADDED ENTRY ELEMENTS (KOHA) | |
| Source of classification or shelving scheme | Dewey Decimal Classification |
| Koha item type | Books |
| Lost status | Source of classification or shelving scheme | Damaged status | Not for loan | Collection code | Permanent Location | Current Location | Shelving location | Date acquired | Source of acquisition | Cost, normal purchase price | Total Checkouts | Full call number | Date last seen | Copy number | Koha item type |
|---|---|---|---|---|---|---|---|---|---|---|---|---|---|---|---|
| Dewey Decimal Classification | Not For Loan | Non-fiction | Central Library, University of Rajshahi | Central Library, University of Rajshahi | Reading Room | 22/10/1992 | N/A | 0.00 | B 891.441 KAG 1989 | 04/05/2017 | C-1 | Books |